Eighteen-fortyeight : (Record no. 24433)
[ view plain ]
| 000 -LEADER | |
|---|---|
| fixed length control field | 00891nam a2200265 4500 |
| 001 - CONTROL NUMBER | |
| control field | 24433 |
| 003 - CONTROL NUMBER IDENTIFIER | |
| rucl marc code | BD-RjUL |
| 005 - DATE AND TIME OF LATEST TRANSACTION | |
| control field | 20211209001042.0 |
| 008 - FIXED-LENGTH DATA ELEMENTS--GENERAL INFORMATION | |
| fixed length control field | 140313t19731970enk b 001 0 eng d |
| 020 ## - INTERNATIONAL STANDARD BOOK NUMBER | |
| International Standard Book Number | 004940038X |
| -- | 0049400398 (pbk.) |
| 035 ## - SYSTEM CONTROL NUMBER | |
| System control number | (BD-RjUL)24499 |
| 040 ## - CATALOGING SOURCE | |
| Original cataloging agency | DLC |
| Transcribing agency | DLC |
| Modifying agency | DLC |
| -- | BD-RjUL |
| Language of cataloging | eng |
| 041 1# - LANGUAGE CODE | |
| Language code of text/sound track or separate title | engfre |
| 082 00 - DEWEY DECIMAL CLASSIFICATION NUMBER | |
| Classification number | 940.284 |
| Author mark and year | SIE 1973 |
| 100 1# - MAIN ENTRY--PERSONAL NAME | |
| Personal name | Sigmann, Jean, |
| Dates associated with a name | 1912- |
| 9 (RLIN) | 75213 |
| 245 10 - TITLE STATEMENT | |
| Title | Eighteen-fortyeight : |
| Remainder of title | the romantic and democratic revolutions in Europe / |
| Statement of responsibility, etc. | Jean Sigmann ;Translated [from the French] by Lovett F. Edwards. |
| 260 ## - PUBLICATION, DISTRIBUTION, ETC. (IMPRINT) | |
| Place of publication, distribution, etc. | London : |
| Name of publisher, distributor, etc. | Allen & Unwin, |
| Date of publication, distribution, etc. | c1970 [1973]. |
| 300 ## - PHYSICAL DESCRIPTION | |
| Pagination | 352 p. ; |
| Size | 22 cm. |
| 490 0# - SERIES STATEMENT | |
| Series statement | Great revolution series, |
| Volume/sequential designation | no. 7 |
| 504 ## - BIBLIOGRAPHY, ETC. NOTE | |
| Bibliography, etc | Includes bibliographical references and index. |
| 651 #0 - SUBJECT ADDED ENTRY--GEOGRAPHIC NAME | |
| Geographic name | Europe |
| General subdivision | History |
| Chronological subdivision | 1848-1849. |
| 9 (RLIN) | 75214 |
| 942 ## - ADDED ENTRY ELEMENTS (KOHA) | |
| Source of classification or shelving scheme | Dewey Decimal Classification |
| Koha item type | Books |
| Lost status | Source of classification or shelving scheme | Damaged status | Not for loan | Collection code | Permanent Location | Current Location | Shelving location | Date acquired | Source of acquisition | Cost, normal purchase price | Total Checkouts | Full call number | Date last seen | Copy number | Koha item type |
|---|---|---|---|---|---|---|---|---|---|---|---|---|---|---|---|
| Dewey Decimal Classification | Added to bundle | Non-fiction | Central Library, University of Rajshahi | Central Library, University of Rajshahi | Reading Room | 25/05/1983 | Heffers and Sons. | 4.50 | 940.284 SIE 1973 | 13/03/2014 | C-1 | Books |